000 00303nam a22001337a 4500
008 210311b ||||| |||| 00| 0 eng d
041 _aeng
080 _22nd
_a61
082 _22nd
_a61
100 _a3
101 _aSHM
245 _aPhysiologic Principles of Surgery
_cZimmerman,M.L
942 _2udc
_cBK
999 _c56368
_d56368